'Doctor Who' Episodes Since The 2005 Revival - Statistics

General Stats
  • This quiz has been taken 67 times
    18 since last reset
  • The average score is 120 of 196
Answer Stats
Hint Answer % Correct
S1E1 Rose
100%
S1E12 Bad Wolf
80%
S3E10 Blink
80%
S1E6 Dalek
80%
S7E2 Dinosaurs on a Spaceship
80%
S3E3 Gridlock
80%
S9E11 Heaven Sent
80%
S9E12 Hell Bent
80%
S4SPECIAL1 Planet of the Dead
80%
S5E2 The Beast Below
80%
S1XMAS The Christmas Invasion
80%
S4SPECIAL4 The End of Time - Part Two
80%
S6E10 The Girl Who Waited
80%
S4XMAS The Next Doctor
80%
S10E1 The Pilot
80%
S4E5 The Poison Sky
80%
S4E12 The Stolen Earth
80%
S7XMAS2 The Time of the Doctor
80%
S4SPECIAL2 The Waters of Mars
80%
S3E7 42
60%
S5XMAS A Christmas Carol
60%
S6E7 A Good Man Goes To War
60%
S1E4 Aliens of London
60%
S5E7 Amy's Choice
60%
S11E4 Arachnids in the UK
60%
S2E12 Army of Ghosts
60%
S12E9 Ascension of the Cybermen
60%
S7E1 Asylum of the Daleks
60%
S7E3 A Town Called Mercy
60%
S9E4 Before the Flood
60%
S14E3 Boom
60%
S1E11 Boom Town
60%
S12E7 Can You Hear Me?
60%
S6E12 Closing Time
60%
S5E9 Cold Blood
60%
S7E8 Cold War
60%
S3E4 Daleks in Manhattan
60%
S8E11 Dark Water
60%
S6E2 Day of the Moon
60%
S8E12 Death in Heaven
60%
S8E1 Deep Breath
60%
S11E6 Demons of the Punjab
60%
S2E13 Doomsday
60%
S14E5 Dot and Bubble
60%
S14E8 Empire of Death
60%
S10E9 Empress of Mars
60%
S3E5 Evolution of the Daleks
60%
S10E6 Extremis
60%
S9E10 Face The Raven
60%
S1E8 Father's Day
60%
S2E11 Fear Her
60%
S8E9 Flatline
60%
S5E5 Flesh and Stone
60%
S4E9 Forest of the Dead
60%
S12E5 Fugitive of the Judoon
60%
S7E9 Hide
60%
S3E8 Human Nature
60%
S8E10 In the Forest of the Night
60%
S8E2 Into the Dalek
60%
S11E9 It Takes You Away
60%
S4E13 Journey's End
60%
S7E10 Journey to the Centre of the TARDIS
60%
S14XMAS2 Joy to the World
60%
S11E7 Kerblam!
60%
S8E7 Kill the Moon
60%
S10E4 Knock Knock
60%
S8XMAS Last Christmas
60%
S3E13 Last of the Time Lords
60%
S13SPECIAL2 Legend of the Sea Devils
60%
S6E8 Let's Kill Hitler
60%
S8E4 Listen
60%
S2E10 Love and Monsters
60%
S15E2 Lux
60%
S4E10 Midnight
60%
S8E8 Mummy on the Orient Express
60%
S2E1 New Earth
60%
S7E12 Nightmare in Silver
60%
S6E9 Night Terrors
60%
S13E3 Once, Upon Time
60%
S12E3 Orphan 55
60%
S10E5 Oxygen
60%
S4E1 Partners in Crime
60%
S4E3 Planet of the Ood
60%
S12E6 Praxeus
60%
S11NYD Resolution
60%
S12NYD Revolution of the Daleks
60%
S2E5 Rise of the Cybermen
60%
S8E3 Robot of Sherwood
60%
S14E6 Rogue
60%
S11E3 Rosa
60%
S2E3 School Reunion
60%
S4E8 Silence in the Library
60%
S9E9 Sleep No More
60%
S10E2 Smile
60%
S3E1 Smith and Jones
60%
S14E1 Space Babies
60%
S12E1 Spyfall - Part One
60%
S12E2 Spyfall - Part Two
60%
S13E5 Survivors of the Flux
60%
S2E6 The Age of Steel
60%
S6E6 The Almost People
60%
S7E5 The Angels Take Manhattan
60%
S11E10 The Battle of Ranskoor Av Kolos
60%
S7E6 The Bells of Saint John
60%
S5E13 The Big Bang
60%
S8E6 The Caretaker
60%
S14XMAS1 The Church on Ruby Road
60%
S7E11 The Crimson Horror
60%
S6E3 The Curse of the Black Spot
60%
50th The Day of the Doctor
60%
S1E10 The Doctor Dances
60%
S10E12 The Doctor Falls
60%
S4E6 The Doctor's Daughter
60%
S6E4 The Doctor's Wife
60%
S6XMAS The Doctor, the Widow and the Wardrobe
60%
S10E10 The Eaters of Light
60%
S5E1 The Eleventh Hour
60%
S1E9 The Empty Child
60%
S1E2 The End of the World
60%
S4SPECIAL3 The End of Time - Part One
60%
S3E9 The Family of Blood
60%
S4E2 The Fires of Pompeii
60%
S11E2 The Ghost Monument
60%
60th(3) The Giggle
60%
S2E4 The Girl in the Fireplace
60%
S9E5 The Girl Who Died
60%
S6E11 The God Complex
60%
S13E1 The Halloween Apocalypse
60%
S12E8 The Haunting of Villa Diodati
60%
S5E8 The Hungry Earth
60%
S9XMAS1 The Husbands of River Song
60%
S2E7 The Idiots' Lantern
60%
S6E1 The Impossible Astronaut
60%
S2E8 The Impossible Planet
60%
S3E6 The Lazarus Experiment
60%
S14E7 The Legend of Ruby Sunday
60%
S10E8 The Lie of the Land
60%
S5E11 The Lodger
60%
S1E7 The Long Game
60%
S9E1 The Magician's Apprentice
60%
S7E13 The Name of the Doctor
60%
S5E12 The Pandorica Opens
60%
S1E13 The Parting of the Ways
60%
S13SPECIAL3 The Power of the Doctor
60%
S7E4 The Power of Three
60%
S10E7 The Pyramid at the End of the World
60%
S15E8 The Reality War
60%
S6E5 The Rebel Flesh
60%
S9XMAS2 The Return of Doctor Mysterio
60%
S7E7 The Rings of Akhaten
60%
S15E1 The Robot Revolution
60%
S2XMAS The Runaway Bride
60%
S2E9 The Satan Pit
60%
S3E2 The Shakespeare Code
60%
S7XMAS1 The Snowmen
60%
S4E4 The Sontaran Stratagem
60%
S3E12 The Sound of Drums
60%
60th(1) The Star Beast
60%
S12E10 The Timeless Children
60%
S5E4 The Time of Angels
60%
S11E5 The Tsuranga Conundrum
60%
S4E7 The Unicorn and the Wasp
60%
S1E3 The Unquiet Dead
60%
S5E6 The Vampires of Venice
60%
S13E6 The Vanquishers
60%
S6E13 The Wedding of River Song
60%
S15E3 The Well
60%
S11E8 The Witchfinders
60%
S9E2 The Witch's Familiar
60%
S11E1 The Woman Who Fell to Earth
60%
S9E6 The Woman Who Lived
60%
S9E7 The Zygon Invasion
60%
S9E8 The Zygon Inversion
60%
S10E3 Thin Ice
60%
S8E5 Time Heist
60%
S2E2 Tooth and Claw
60%
S4E11 Turn Left
60%
S10XMAS Twice Upon A Time
60%
S9E3 Under the Lake
60%
S3E11 Utopia
60%
S5E3 Victory of the Daleks
60%
S13E4 Village of the Angels
60%
S5E10 Vincent and the Doctor
60%
S3XMAS Voyage of the Damned
60%
S13E2 War of the Sontarans
60%
60th(2) Wild Blue Yonder
60%
S10E11 World Enough and Time
60%
S1E5 World War Three
60%
S14E4 73 Yards
40%
S13SPECIAL1 Eve of the Daleks
40%
S15E4 Lucky Day
40%
S12E4 Nikola Tesla's Night of Terror
40%
S14E2 The Devil's Chord
40%
S15E5 The Story and the Engine
40%
S15E7 Wish World
40%
S15E6 The Interstellar Song Contest
20%
No matching quizzes found
Score Distribution
Percent of People with Each Score
Percentile by Number Answered
Your Score History
You have not taken this quiz since the last reset